| 000 | 00402nam a2200157Ia 4500 | ||
|---|---|---|---|
| 008 | 210210b1967 xxu||||| |||| 00| 0 eng d | ||
| 082 | _a677 DEUH | ||
| 100 | _aDEULKAR (Durga). | ||
| 245 | _aHousehold textiles and laundry work. Rev Ed 3. | ||
| 250 | _a | ||
| 260 |
_aDelhi. _bAtma Rama & Sons., _c1967 |
||
| 300 | _axvi,223 | ||
| 650 | _aTextiles, Laundry | ||
| 690 | _aTextiles | ||
| 906 | _a031440 | ||
| 999 |
_c82622 _d82622 |
||